| 000 | 00434nam a2200157 i 4500 | ||
|---|---|---|---|
| 001 | 24062 | ||
| 003 | ES-MaACL | ||
| 005 | 20230906152959.0 | ||
| 007 | t| | ||
| 008 | 021213s1976 kn ||||1| spa d | ||
| 245 | 0 | 0 | _aCon amor de verdadero Padre. |
| 260 |
_aPyongyang : _bEd. Lenguas Extranjeras, _c1976. |
||
| 300 |
_a87 p., 1 lám. ; _c19 cm. |
||
| 500 | _aPrecede a tít.: Entre el pueblo. | ||
| 852 |
_aES-MaACL _jA-6806 _bR.95918 |
||
| 999 |
_c24062 _d24062 |
||